[Event "HCL-B3704"]
[Site "www.playchess.de"]
[Date "2006.02.19"]
[Round "5"]
[White "Jasper_Hattink"]
[Black "gryphon"]
[WhiteElo "950"]
[BlackElo "1264"]
[PlyCount "88"]
[Result "0-1"]

1.e4 e5 {G'day}  2.Nf3 {hello}  Nc6 3.Bc4 Bb4 4.a3 
Ba5 5.O-O Nf6 6.d3 O-O 7.Be3 d5 8.Bxd5 Nxd5 9.exd5 
Qxd5 10.b4 Bb6 11.Nc3 Qd8 12.Bxb6 axb6 13.b5 Nd4 
14.Nxe5 Qg5 15.Re1 Bh3 16.g3 Rfe8 17.f4 Qf5 18.Nd5 
Rac8 19.c3 Nxb5 20.Qa4 f6 21.Qxb5 fxe5 22.Nb4 c6 
23.Qc4+ Kh8 24.Ra2 exf4 25.Rae2 Rxe2 26.Rxe2 fxg3 
27.hxg3 Qf1+ 28.Kh2 Qxe2+ 29.Kxh3 Re8 30.Qf7 Qe6+ 
31.Qxe6 Rxe6 32.Nc2 c5 33.c4 Rd6 34.Ne1 g5 35.Kg4 
h6 36.Nf3 Rxd3 37.a4 Rc3 38.Ne5 Ra3 39.Nd7 Rxa4 
40.Nxb6 Rb4 41.Nd7 Rxc4+ 42.Kh5 Kg7 43.g4 b5 
44.Ne5 Rc1 0-1

[Event "HCL-C4090"]
[Site "www.playchess.de"]
[Date "2006.02.19"]
[Round "4"]
[White "Satellite"]
[Black "epenz"]
[WhiteElo "1093"]
[BlackElo "952"]
[PlyCount "71"]
[Result "1-0"]

1.e4 e5 2.Nf3 Nc6 3.Bb5 d6 4.Bxc6+ bxc6 5.d3 Bd7 
6.Nc3 Nf6 7.O-O Be7 8.Be3 O-O 9.a3 d5 10.Nxe5 Rb8 
11.Ra2 dxe4 12.Nxd7 Qxd7 13.Bxa7 Rb7 14.Be3 c5 
15.dxe4 Bd6 16.e5 Ng4 17.exd6 cxd6 18.Bxc5 Re8 
19.Bxd6 Re6 20.Bg3 h6 21.Qxd7 Rxd7 22.h3 Nf6 
23.Raa1 Rd2 24.Rac1 Rb6 25.b4 Kh7 26.Kh2 Rc6 
27.Be5 Kg6 28.b5 Rc5 29.Rfd1 Rxf2 30.Bd4 Rxc3 
31.Bxc3 Re2 32.Rde1 Rf2 33.b6 Rf5 34.Rcb1 Rc5 
35.Bxf6 Kxf6 36.b7 1-0

[Event "HCL-C4134"]
[Site "www.playchess.de"]
[Date "2006.02.19"]
[Round "8"]
[White "nichju"]
[Black "aussie"]
[WhiteElo "1067"]
[BlackElo "1113"]
[PlyCount "59"]
[Result "1-0"]

1.e4 {Hi again and good luck to you}  e5 {Good 
luck to you and Germany in the Olympics. I was 
born in Wiesbaden.}  2.Nf3 Nc6 3.Nc3 Nf6 4.Bc4 h6 
5.O-O Bc5 6.a3 O-O 7.b4 Bd4 8.Nxd4 Nxd4 9.Nd5 b5 
10.Bd3 Bb7 11.c3 c6 12.Nxf6+ Qxf6 13.cxd4 d5 
14.Bb2 exd4 15.Qg4 Bc8 16.Qg3 dxe4 17.Bxe4 Rb8 
18.Qxb8 Rd8 19.Qc7 Qd6 20.Qxa7 Rd7 21.Qa8 Rd8 
22.a4 Bf5 23.Qxd8+ Qxd8 24.Bxf5 Qd5 25.Bd3 Qb3 
26.Bf5 Qxb2 27.Rae1 Kf8 28.a5 Qxb4 29.a6 Qc5 
30.Rea1 1-0

[Event "ACL-A639"]
[Site "www.playchess.de"]
[Date "2006.02.19"]
[Round "1"]
[White "Fred31"]
[Black "Eishockeytorwart"]
[WhiteElo "1601"]
[BlackElo "1500"]
[PlyCount "56"]
[Result "0-1"]

1.e4 e5 {welcome from Mönchengladbach germany}  
2.Nf3 {Greetings from Brussels Belgium}  Nc6 3.Nc3 
Nf6 4.a3 d5 5.exd5 Nxd5 6.Nxd5 Qxd5 7.d3 Bc5 8.Qe2 
Bg4 9.Qe4 Qxe4+ 10.dxe4 Bxf3 11.gxf3 Nd4 12.Bd3 
Nxf3+ 13.Kf1 O-O-O 14.Be3 Bxe3 15.fxe3 f6 16.Ke2 
Ng5 17.b4 Nh3 18.a4 Rd6 19.a5 Rhd8 20.b5 R8d7 
21.Ra3 Ng5 22.Rd1 f5 23.exf5 e4 24.b6 exd3+ 
25.Raxd3 axb6 26.axb6 Rf7 27.bxc7 Rh6 28.Rc3 
Rxh2+ 0-1

[Event "ACL-A639"]
[Site "www.playchess.de"]
[Date "2006.02.19"]
[Round "4"]
[White "Fred31"]
[Black "M_L"]
[WhiteElo "1601"]
[BlackElo "1883"]
[PlyCount "36"]
[Result "0-1"]

1.e4 e5 2.Nc3 Nf6 3.Nf3 Nc6 4.a3 d6 5.d4 exd4 
6.Nxd4 Nxd4 7.Qxd4 Be7 8.h3 O-O 9.e5 dxe5 10.Qxd8 
Rxd8 11.Bc4 c6 12.O-O Nd5 13.Nxd5 cxd5 14.Ba2 Bf6 
15.Bd2 Bf5 16.Bb3 b6 17.Rae1 Rac8 18.c3 
Bd3 0-1

[Event "HCL-E1563"]
[Site "www.playchess.de"]
[Date "2006.02.19"]
[Round "9"]
[White "mkefeli"]
[Black "SABU"]
[WhiteElo "1841"]
[BlackElo "2048"]
[PlyCount "38"]
[Result "0-1"]

1.d4 Nf6 2.Nf3 g6 3.g3 Bg7 4.Bg2 O-O 5.c4 d6 6.Nc3 
Nc6 7.b3 e5 8.dxe5 dxe5 9.Bg5 e4 10.Nd2 e3 11.Bxe3 
Ng4 12.Nd5 Nxe3 13.fxe3 Ne5 14.Rc1 c6 15.Nf4 Ng4 
16.Nf1 Qxd1+ 17.Rxd1 Bc3+ 18.Nd2 Rd8 19.e4 
Ne3 0-1

[Event "HCL-E1520"]
[Site "www.playchess.de"]
[Date "2006.02.19"]
[Round "3"]
[White "carlosmadeira"]
[Black "guitran"]
[WhiteElo "1536"]
[BlackElo "1408"]
[PlyCount "75"]
[Result "1-0"]

1.d4 Nf6 2.c4 d5 3.e3 e6 4.Nc3 c5 5.Nf3 Nc6 6.a3 
h6 7.Be2 Bd6 8.O-O a6 9.cxd5 exd5 10.dxc5 Bxc5 
11.Qc2 b5 12.Nxb5 Qe7 13.Nbd4 Nxd4 14.Nxd4 Bxd4 
15.Qc6+ Qd7 16.Qxd7+ Bxd7 17.exd4 O-O 18.Be3 
{Happy New Year!!!!}  Bb5 19.Bxb5 axb5 20.Rfc1 
Rfe8 21.Rc5 b4 22.a4 Rec8 23.b3 Ne4 24.Rxd5 Nc3 
25.Rc5 Rcd8 26.Kf1 Ne4 27.Rb5 Rdc8 28.Rxb4 Rc2 
29.a5 Re8 30.a6 g5 31.a7 Rcc8 32.d5 Nd6 33.Rb6 Nf5 
34.d6 Rcd8 35.Rd1 Rd7 36.Rb8 Nxd6 37.Rxe8+ Kg7 
38.a8Q 1-0

[Event "HCL-T262"]
[Site "www.playchess.de"]
[Date "2006.02.19"]
[Round "7"]
[White "DaLyrik"]
[Black "FlatoA"]
[WhiteElo "760"]
[BlackElo "1424"]
[PlyCount "76"]
[Result "0-1"]

1.e4 e5 2.Nf3 Nc6 3.Bc4 Nf6 4.Ng5 Bc5 5.Nc3 O-O 
6.Qf3 h6 7.Nxf7 Rxf7 8.Bxf7+ Kxf7 9.Nd5 Nd4 10.Qc3 
d6 11.Nxf6 Qxf6 12.f3 Be6 13.b3 b5 14.Bb2 b4 
15.Qd3 a6 16.c3 bxc3 17.dxc3 Nc6 18.O-O-O Qf4+ 
19.Qd2 Be3 20.c4 Bxd2+ 21.Rxd2 Nb4 22.Kd1 Nxa2 
23.Ba1 Nb4 24.Ke2 Ke7 25.g3 Qf7 26.Bc3 Bxc4+ 
27.Ke1 Nd3+ 28.Ke2 Nc1+ 29.Kd1 Nxb3 30.Rf2 Bd3 
31.h4 Bxe4 32.Rhf1 Qd5+ 33.Ke1 Bd3 34.Rg1 e4 
35.fxe4 Qxe4+ 36.Kd1 Kd7 37.Rf7+ Kc6 38.Re1 
Bc2+ 0-1

[Event "HCL-B3856"]
[Site "www.playchess.de"]
[Date "2006.02.19"]
[Round "1"]
[White "ama49"]
[Black "jpv"]
[WhiteElo "1194"]
[BlackElo "1232"]
[PlyCount "64"]
[Result "0-1"]

1.e4 {Greetings from Scotland}  e5 {Hi from 
Oregon, and good luck. :)}  2.Nf3 Nc6 3.d4 exd4 
4.Nxd4 Be7 5.Nxc6 bxc6 6.Nc3 Nf6 7.Bg5 O-O 8.e5 
Nd5 9.Nxd5 cxd5 10.Bxe7 Qxe7 11.f4 Qb4+ 12.Qd2 
Qxb2 13.Rd1 Qxa2 14.Bd3 Bb7 15.Rg1 Rae8 16.g4 f6 
17.Ke2 fxe5 18.Rda1 exf4+ 19.Kf3 d4+ 20.Kf2 Qd5 
21.Be2 f3 22.Bd3 c5 23.Rxa7 c4 24.Bf1 d3 25.cxd3 
cxd3 26.Bxd3 Qd4+ 27.Kf1 Qxa7 28.Bc4+ Kh8 29.Rg3 
Ba6 30.Bxa6 Qxa6+ 31.Kg1 Qa1+ 32.Kf2 
Re2+ 0-1

[Event "HCL-A2492"]
[Site "www.playchess.de"]
[Date "2006.02.19"]
[Round "10"]
[White "StevenL"]
[Black "James_HH"]
[WhiteElo "1601"]
[BlackElo "1576"]
[PlyCount "107"]
[Result "1-0"]

1.e4 {Hi there, all the best.}  c5 {Thanks. Best 
of luck.}  2.Nf3 {Thanks and you also!}  d6 3.d4 
cxd4 4.Nxd4 Nf6 5.Nc3 g6 6.Be3 Bg7 7.f3 O-O 8.Qd2 
Nc6 9.Bc4 Bd7 10.O-O-O Rc8 11.Bb3 Ne5 12.h4 h5 
13.Bg5 Rc5 14.g4 hxg4 15.f4 Nc4 16.Qe2 Qc8 17.Bxf6 
Bxf6 18.Nd5 Rxd5 19.exd5 b5 20.h5 g5 21.fxg5 Bxg5+ 
22.Kb1 f5 23.h6 f4 24.Rh5 Bf6 25.Qe4 Qe8 26.Rhh1 
Bxd4 27.Qxd4 Ne5 28.Rde1 Qg6 29.Qxa7 Qf5 30.Rxe5 
dxe5 31.d6+ Kh8 32.dxe7 Re8 33.Rd1 f3 34.Qxd7 Qxd7 
35.Rxd7 f2 36.Rd1 g3 37.Bd5 Rxe7 38.Be4 Re8 39.Kc1 
Rf8 40.Bg2 e4 41.Kd2 Rd8+ 42.Ke2 Rc8 43.Bxe4 Re8 
44.Rd4 Kg8 45.Kf1 Kf7 46.Kg2 Kf6 47.Bd3 Re1 48.h7 
Rg1+ 49.Kf3 Rh1 50.Rd7 Ke6 51.Rg7 f1Q+ 52.Bxf1 
Rxf1+ 53.Kg2 Rf8 54.Rg8 1-0

[Event "HCL-C4012"]
[Site "www.playchess.de"]
[Date "2006.02.19"]
[Round "4"]
[White "Montelo"]
[Black "CallDutte"]
[WhiteElo "800"]
[BlackElo "1201"]
[PlyCount "161"]
[Result "1/2-1/2"]

1.e3 e5 {Martelo? Por que?}  2.Qf3 {sua leitura 
não ta mto boa...é MONTELO...me sobrenome}  Nf6 
{Desculpe-me Marcelo. Estou sem meus oculos!}  
3.Bc4 d5 4.Bb5+ c6 5.Bd3 e4 6.Bxe4 Nxe4 7.b3 Bd6 
8.Bb2 O-O 9.Qh5 Qg5 10.Qf3 Bg4 11.Nh3 Bxf3 12.Nxg5 
Bxg2 13.Rg1 Nxg5 14.Rxg2 Ne6 15.f4 f6 16.f5 Ng5 
17.h4 Nf3+ 18.Ke2 Nxh4 19.Rg4 Nxf5 20.Na3 h5 
21.Rg2 Nd7 22.c4 dxc4 23.Nxc4 b5 24.Nxd6 Nxd6 
25.Rag1 Rf7 26.Rh2 Kf8 27.Rxh5 Ke7 28.Ba3 Rg8 
29.Rc1 Nb8 30.Bc5 a6 31.e4 Kd7 32.e5 fxe5 33.Rxe5 
Re7 34.d4 Rxe5+ 35.dxe5 Ne4 36.Rd1+ Ke6 37.Bd4 c5 
38.Bb2 Nc6 39.Ke3 Ng5 40.Rd6+ Kf5 41.Rxc6 Ra8 
42.Rxc5 Ne6 43.Rc1 g5 44.Rf1+ Nf4 {De novo o mesmo 
erro. Eu sou um burro!}  45.Rh1 Rf8 46.Rh6 Ng6 
47.Ba3 Re8 48.Rh7 Re7 49.Rxe7 Nxe7 50.Bxe7 Kxe5 
{(offering draw)}  51.Bxg5 Kd5 52.Kd3 Kc6 53.Be3 
Kd5 {(offering draw)}  54.Kc3 Kc6 55.Kb4 Kd5 
56.Ka5 Ke4 57.Ba7 Kd3 58.Kxa6 b4 59.Bc5 Kc2 60.Bd4 
Kb1 61.a4 bxa3 62.b4 a2 63.Kb7 a1Q 64.Bxa1 Kxa1 
65.b5 Kb2 66.b6 Kc3 {Parei...}  67.Ka8 Kd4 68.b7 
Ke4 69.b8Q Kf3 {Ihh caramba, tô frito!}  70.Kb7 
Ke4 71.Qd8 Ke3 72.Qd5 Kf4 73.Kc6 Ke3 74.Kc5 Kf4 
{(offering draw)}  75.Kd4 Kg4 76.Qe5 Kf3 77.Qe4+ 
Kg3 78.Ke3 Kh3 {(offering draw) Está empatado?}  
79.Qf4 Kg2 {(offering draw)}  80.Qf3+ Kh2 
81.Kf2 1/2-1/2

[Event "HCL-A2494"]
[Site "www.playchess.de"]
[Date "2006.02.19"]
[Round "27"]
[White "cabe"]
[Black "Spotsychess"]
[WhiteElo "1415"]
[BlackElo "1533"]
[PlyCount "121"]
[Result "1-0"]

1.e4 {Good luck!}  e5 {You too}  2.Nf3 Nc6 3.Bb5 
d6 4.d4 Bd7 5.Nc3 exd4 6.Nxd4 Nxd4 7.Qxd4 Nf6 
8.Bg5 Be7 9.O-O O-O 10.Rfe1 h6 11.Bh4 c6 12.Bc4 
Nh7 13.Bxe7 Qxe7 14.Rad1 Qg5 15.h3 Bxh3 {??You 
should have taken d6}  16.g3 {I just 'misclicked'} 
 Rfd8 17.Qe3 Be6 18.Bxe6 fxe6 19.Qd4 e5 20.Qb4 Qe7 
21.Qc4+ Kh8 22.f3 Ng5 23.Ref1 Qd7 24.Rd2 Qh3 
25.Ne2 Qd7 26.Nc3 Qe7 27.Rd3 Rd7 28.Ne2 Rad8 
29.Nc3 a6 30.Rd2 Rf8 31.Rd3 Qf6 32.Kg2 Qe6 33.Qxe6 
Nxe6 34.Na4 g5 35.Nb6 Rdd8 36.Nc4 Nd4 37.c3 Nb5 
38.Rfd1 Rf6 39.Nxe5 Nc7 40.Nc4 d5 41.exd5 Nxd5 
42.Kf2 Rdf8 43.Ne5 Re6 44.Re1 Kg7 45.c4 Ne7 46.Rd7 
b5 47.Nxc6 Rxe1 48.Kxe1 Rxf3 49.g4 bxc4 50.Nxe7 
Kf6 51.Ng8+ Ke6 52.Ra7 Kd5 53.Nxh6 Rf6 54.Ng8 Rb6 
55.b3 cxb3 56.axb3 Rxb3 57.Rxa6 Ke4 58.Nf6+ Ke3 
59.Kd1 Rb2 60.Re6+ Kd3 61.Ke1 1-0

[Event "HCL-B3882"]
[Site "www.playchess.de"]
[Date "2006.02.19"]
[Round "6"]
[White "Rhiannon"]
[Black "Saladin"]
[WhiteElo "1200"]
[BlackElo "1340"]
[PlyCount "42"]
[Result "0-1"]

1.e4 e6 {Good game...}  2.Nf3 Nf6 3.d3 b6 4.g3 d6 
5.Bg2 e5 6.O-O Nc6 7.c3 Bg4 8.Nbd2 d5 9.a3 dxe4 
10.dxe4 Qd3 11.Re1 Bc5 12.b4 Qxc3 13.Nb3 Nd4 
14.Bb2 Qxb2 15.Nxc5 bxc5 16.Qa4+ Nd7 17.Nxe5 Nc2 
18.Qc6 Rc8 19.Nxf7 Kxf7 20.Qd5+ Be6 21.Qh5+ 
g6 0-1

[Event "HCL-B3835"]
[Site "www.playchess.de"]
[Date "2006.02.19"]
[Round "15"]
[White "RUDI"]
[Black "GMO"]
[WhiteElo "1259"]
[BlackElo "1337"]
[PlyCount "125"]
[Result "1-0"]

1.e4 e5 2.Nf3 Bd6 3.Nc3 Nf6 4.Bc4 h6 5.d3 Qe7 
6.O-O O-O 7.Re1 c6 8.a3 b5 9.Ba2 a5 10.g3 b4 
11.axb4 axb4 12.Ne2 Bb7 13.Bd2 Bc5 14.Nc1 Ng4 
15.Re2 Qf6 16.Kg2 Qe7 17.Nb3 Bd6 18.Be3 Nxe3+ 
19.fxe3 c5 20.Rf2 Nc6 21.Nbd2 Ra7 22.Bc4 Rxa1 
23.Qxa1 Ra8 24.Qb1 Na5 25.b3 Nxc4 26.Nxc4 Ra6 
27.Qb2 f6 28.Rf1 Qf8 29.Ra1 Bc7 30.Ncd2 Qa8 
31.Rxa6 Qxa6 32.Qb1 d5 33.Qf1 dxe4 34.dxe4 Qxf1+ 
35.Kxf1 c4 36.bxc4 Ba5 37.Ke2 Kf7 38.Kd3 Ke6 
39.Nb3 Bb6 40.c5 Ba7 41.Nfd2 Kd7 42.Kc4 Kc6 
43.Na5+ Kc7 44.Nxb7 Kxb7 45.Kxb4 Kc6 46.c4 Bxc5+ 
47.Ka5 Bxe3 48.Nb3 g5 49.g4 Kd6 50.Kb5 Bf4 51.h3 
Be3 52.c5+ Kc7 53.Na5 Bd4 54.Nb3 Kb7 55.Kc4 Be3 
56.Kd5 Kc7 57.Ke6 Kc6 58.Kxf6 Kb5 59.Kxe5 Bxc5 
60.Nxc5 Kxc5 61.Kf6 Kd6 62.e5+ Kd7 
63.Kf7 1-0

[Event "HCL-M844"]
[Site "www.playchess.de"]
[Date "2006.02.19"]
[Round "32"]
[White "DePoelmeester"]
[Black "spidey"]
[WhiteElo "1636"]
[BlackElo "1897"]
[PlyCount "86"]
[Result "0-1"]

1.d4 Nf6 2.Nc3 d5 3.Bf4 c6 4.Bxb8 Rxb8 5.e3 Bf5 
6.Bd3 Bg6 7.Nge2 e6 8.O-O Bd6 9.Nf4 Qc7 10.g3 e5 
11.dxe5 Bxe5 12.Qd2 Rd8 13.f3 O-O 14.Bxg6 hxg6 
15.Nd3 Bd6 16.Rae1 Rfe8 17.a3 Re7 18.e4 dxe4 
19.Nxe4 Nxe4 20.fxe4 Rde8 21.Qg2 Qb6+ 22.Kh1 Qd4 
23.Qf3 f6 24.c3 Qc4 25.Nf2 Bc5 26.Nd3 Bd6 27.e5 
Bxe5 28.Re4 Qd5 29.c4 Qd7 30.Nc5 Qc7 31.Nd3 c5 
32.Rh4 Bd4 33.Qd5+ Rf7 34.b4 b6 35.bxc5 bxc5 
36.Re4 Rxe4 37.Qxe4 Qb7 38.Qxb7 Rxb7 39.Nf4 Kf7 
40.Rf3 Rb2 41.h4 a5 42.Nd5 a4 43.Nb6 
Rxb6 0-1

[Event "HCL-E1526"]
[Site "www.playchess.de"]
[Date "2006.02.19"]
[Round "17"]
[White "Matu"]
[Black "PieceSeeker3"]
[WhiteElo "1554"]
[BlackElo "1585"]
[PlyCount "102"]
[Result "0-1"]

1.e4 c5 2.c3 d5 3.exd5 Qxd5 4.Qf3 e6 5.Qxd5 exd5 
6.Nf3 Nf6 7.d4 c4 8.Bf4 Nc6 9.Be2 b5 10.O-O Nh5 
11.Bg3 Nxg3 12.fxg3 Bd6 13.Nbd2 h6 14.Rfe1 Be6 
15.Nf1 Kd7 16.Ne3 a5 17.a4 b4 18.Nh4 Rab8 19.Nhf5 
bxc3 20.bxc3 Rb3 21.Nxd6 Kxd6 22.Nd1 Rhb8 23.Bf3 
R3b1 24.Nf2 Bf5 25.Raxb1 Rxb1 26.Rxb1 Bxb1 27.Bd1 
Nb4 28.cxb4 axb4 29.Kf1 b3 30.Bxb3 cxb3 31.Nd1 Kc6 
32.Ke1 Kb6 33.Kd2 Ka5 34.Nc3 Be4 35.Kc1 Bxg2 
36.Kb2 Kb4 37.a5 Kxa5 38.Kxb3 f5 39.Nd1 g5 40.Ne3 
Be4 41.Kc3 h5 42.Nf1 f4 43.gxf4 gxf4 44.h4 Bg2 
45.Nd2 f3 46.Kd3 Kb4 47.Ke3 Kc3 48.Nb1+ Kb3 
49.Nd2+ Kc3 50.Nb1+ Kc2 51.Nd2 
f2 0-1

[Event "HCL-C4096"]
[Site "www.playchess.de"]
[Date "2006.02.19"]
[Round "1"]
[White "Moringa"]
[Black "vampir"]
[WhiteElo "800"]
[BlackElo "800"]
[PlyCount "76"]
[Result "0-1"]

1.g3 g6 2.e3 Bg7 3.Bc4 d5 4.Bb5+ c6 5.Bd3 Nf6 
6.Nf3 Bg4 7.b3 Ne4 8.O-O Bxa1 9.c4 O-O 10.Be2 Bg7 
11.Nh4 Bxe2 12.Qxe2 dxc4 13.Qxc4 Qd5 14.Nc3 Qxc4 
15.bxc4 Nxc3 16.dxc3 Bxc3 17.Rd1 e6 18.Ba3 Re8 
19.Nf3 Na6 20.Rd3 Bb4 21.Bb2 Nc5 22.Rd2 Rad8 
23.Rd4 Rxd4 24.exd4 Nd3 25.Ba1 Ne1 26.Ne5 Nc2 
27.Bb2 Rd8 28.Nf3 c5 29.d5 exd5 30.Bf6 Rd7 31.Kf1 
dxc4 32.Ke2 Nd4+ 33.Ke3 Nxf3 34.Kxf3 c3 35.g4 c2 
36.Bg5 Bd2 37.h4 Bxg5 38.hxg5 c1Q 0-1

[Event "HCL-E1529"]
[Site "www.playchess.de"]
[Date "2006.02.19"]
[Round "10"]
[White "gambitfan"]
[Black "PieceSeeker3"]
[WhiteElo "1363"]
[BlackElo "1596"]
[PlyCount "52"]
[Result "0-1"]

1.e4 c5 2.Nf3 {merry christmas !}  Nc6 {And you a 
happy up coming New Year}  3.d4 {happy new year ! 
are u from NY ?}  cxd4 {Georgia, and you?}  4.Nxd4 
e5 5.Nb5 a6 6.Nd6+ Bxd6 7.Qxd6 Nge7 8.Be2 Nd4 
9.Bd1 O-O 10.Qxe5 Nec6 11.Qg3 Re8 12.Bh6 Rxe4+ 
13.Kd2 Nf5 14.Qg5 Nxh6 15.Qxd8+ Nxd8 16.Re1 Rxe1 
17.Kxe1 d5 18.Nc3 Be6 19.Bf3 d4 20.Ne4 Bg4 21.h3 
Bxf3 22.gxf3 Nc6 23.a3 Nf5 24.Kd2 Rd8 25.Nc5 Ne5 
26.Ke2 Rc8 0-1

[Event "HCL-A2576"]
[Site "www.playchess.de"]
[Date "2006.02.19"]
[Round "16"]
[White "RUDI"]
[Black "GED"]
[WhiteElo "1249"]
[BlackElo "1433"]
[PlyCount "45"]
[Result "1-0"]

1.d4 {hello!}  Nf6 {hello and good luck}  2.Nf3 e6 
3.g3 d5 4.Bg5 Be7 5.Bg2 c5 6.O-O O-O 7.c3 b6 8.e3 
Nbd7 9.Nbd2 Bb7 10.Ne5 Nxe5 11.dxe5 Nd7 12.Bxe7 
Qxe7 13.f4 c4 14.b4 a5 15.a3 axb4 16.axb4 Rxa1 
17.Qxa1 Ra8 18.Qb2 Nb8 19.Ra1 Nc6 20.Rxa8+ Bxa8 
21.Qa3 Qd8 22.Kf2 Na7 23.Qxa7 1-0

[Event "HCL-C4097"]
[Site "www.playchess.de"]
[Date "2006.02.19"]
[Round "3"]
[White "Kaspov"]
[Black "jackone"]
[WhiteElo "814"]
[BlackElo "1224"]
[PlyCount "81"]
[Result "1-0"]

1.e4 e5 2.Nf3 Nc6 3.Bc4 Nf6 4.Nc3 Bc5 5.d3 d6 6.h3 
Nd4 7.Bg5 O-O 8.O-O h6 9.Bh4 g5 10.Bg3 Nh5 11.Bh2 
Qf6 12.Nd5 Qd8 13.Nxd4 Bxd4 14.Qxh5 Kh7 15.c3 Bc5 
16.b4 Bb6 17.Nxb6 axb6 18.Bxf7 Qf6 19.Bb3 Ra3 
20.Rad1 c5 21.b5 Be6 22.c4 Bf7 23.Qg4 h5 24.Qe2 
Qg6 25.g3 Be6 26.f4 Bxh3 27.f5 Qh6 28.Rf2 Bg4 
29.Qb2 Rfa8 30.Rdf1 h4 31.f6 hxg3 32.Bxg3 Kg6 
33.f7 Rh8 34.R2f6+ Kg7 35.Rxh6 Kxh6 36.f8Q+ Rxf8 
37.Rxf8 Ra7 38.Qf2 Kh5 39.Rg8 Be6 40.Bd1+ g4 
41.Qh2+ 1-0

[Event "HCL-E1577"]
[Site "www.playchess.de"]
[Date "2006.02.19"]
[Round "8"]
[White "Chuck_Ventimiglia"]
[Black "pawnstorm"]
[WhiteElo "2048"]
[BlackElo "1545"]
[PlyCount "55"]
[Result "1-0"]

1.e4 c5 2.Nf3 e6 3.d4 cxd4 4.Nxd4 Nf6 5.Nc3 a6 
6.Be2 Nc6 7.O-O Be7 8.Be3 O-O 9.Qd2 d6 10.Rad1 Qc7 
11.f4 b5 12.Nxc6 Qxc6 13.Bf3 e5 14.fxe5 dxe5 
15.Qe2 Bb7 16.Nd5 Bd8 17.b3 Rc8 18.c4 bxc4 19.Rdc1 
Nxd5 20.exd5 Qd6 21.bxc4 Bb6 22.Bxb6 Qxb6+ 23.Kh1 
Qd6 24.Qb2 Ba8 25.Be4 Rc5 26.Qf2 Rfc8 27.Qxf7+ Kh8 
28.Qh5 1-0

[Event "HCL-E1556"]
[Site "www.playchess.de"]
[Date "2006.02.19"]
[Round "6"]
[White "hal1958"]
[Black "treebeard"]
[WhiteElo "1427"]
[BlackElo "1608"]
[PlyCount "75"]
[Result "1/2-1/2"]

1.b4 a6 2.Bb2 Nc6 3.a3 e5 4.e3 Nf6 5.Nf3 d6 6.c4 
Be7 7.Be2 O-O 8.O-O Bf5 9.d3 Re8 10.h3 b5 11.cxb5 
axb5 12.Nc3 Rb8 13.d4 exd4 14.Nxd4 Nxd4 15.exd4 c6 
16.Bf3 Qc7 17.Re1 Bf8 18.Qd2 Re6 19.Rxe6 Bxe6 
20.Re1 d5 21.Ne2 Re8 22.Qf4 Qd8 23.Rc1 Bd7 24.Kf1 
g6 25.Qd2 Bg7 26.Re1 Ne4 27.Bxe4 Rxe4 28.Ng3 Rxe1+ 
29.Qxe1 Be6 30.Ne2 Qb6 31.Qc1 Kf8 32.g4 h5 33.f3 
hxg4 34.hxg4 Bd7 35.Qc3 Qb8 36.Kg2 Qd8 37.Qc5+ Qe7 
38.Qxe7+ {(offering draw)}  1/2-1/2

[Event "HCL-B3835"]
[Site "www.playchess.de"]
[Date "2006.02.19"]
[Round "3"]
[White "PhilipKaveny"]
[Black "slavi"]
[WhiteElo "1353"]
[BlackElo "1538"]
[PlyCount "98"]
[Result "0-1"]

1.e4 e6 2.d4 d5 3.exd5 exd5 4.Nf3 Nf6 5.Bd3 Bg4 
6.O-O Be7 7.h3 Bh5 8.c3 O-O 9.Nbd2 Re8 10.Nb3 c6 
11.Re1 Bd6 12.Bg5 Nbd7 13.g4 Bg6 14.Bxg6 fxg6 
15.Qd3 Qc7 16.Rxe8+ Rxe8 17.Nbd2 Ne4 18.Nxe4 dxe4 
19.Qc4+ Kh8 20.Re1 Qb8 21.Nd2 h6 22.Be3 Nf6 23.Qf7 
Re7 24.Qxg6 Bf4 25.Nc4 Bxe3 26.Nxe3 Qe8 27.Qxe8+ 
Rxe8 28.b3 Kg8 29.Kg2 Kf7 30.Nc4 Re6 31.Ne3 g6 
32.Rd1 Ke7 33.c4 Kd6 34.d5 cxd5 35.cxd5 Re7 
36.Nc4+ Kd7 37.d6 Re6 38.f4 exf3+ 39.Kxf3 Ne8 
40.Na5 b6 41.Nc4 Nxd6 42.Nxd6 Rxd6 43.Rxd6+ Kxd6 
44.Ke3 {(offering draw)}  Ke5 {Yes! Only a few 
moves...}  45.a3 b5 46.h4 {I am trying to count 
tempos}  g5 47.h5 a5 48.a4 b4 49.Kf3 {I may not be 
quite lost   
in any case you  played  very well a pawn down}  
Kd4 {I'm not shure. The pawn endings are more 
difficult}  0-1

[Event "HCL-B3881"]
[Site "www.playchess.de"]
[Date "2006.02.19"]
[Round "14"]
[White "Mosselman"]
[Black "Iron_Flower"]
[WhiteElo "1345"]
[BlackElo "1238"]
[PlyCount "21"]
[Result "1-0"]

1.e4 {Succes!}  e5 {Prettige partij! Volgens mij 
hebben we wel eens eerder gespeeld}  2.Nf3 {denk 
je? kan het niet vinden in playchess database...}  
Nf6 {Misschien vergis ik me ook wel}  3.d4 exd4 
4.e5 Nd5 5.Qxd4 Nb6 6.Nc3 Nc6 7.Qe4 d6 8.exd6+ Kd7 
{totaal niet gezien...}  9.dxc7 Kxc7 10.Bf4+ Bd6 
11.Nb5+ 1-0

[Event "HCL-C4098"]
[Site "www.playchess.de"]
[Date "2006.02.19"]
[Round "29"]
[White "lontjr"]
[Black "valpa"]
[WhiteElo "1159"]
[BlackElo "1085"]
[PlyCount "44"]
[Result "0-1"]

1.c4 {Hi, and here's to a good game!}  c5 {Nice to 
meet you}  2.Nf3 Nf6 3.Nc3 Nc6 4.d4 cxd4 5.Nxd4 
Nxd4 6.Qxd4 d6 7.e4 e5 8.Qd1 Be7 9.Bd3 O-O 10.O-O 
Bd7 11.Qf3 Bc6 12.Bg5 Ne8 13.Be3 Bg5 14.Nd5 Bxd5 
15.cxd5 Nc7 16.Rac1 Bxe3 17.Qxe3 Ne8 18.f4 Qb6 
19.Qxb6 axb6 20.fxe5 dxe5 21.Rf5 f6 22.Bc4 
Nd6 0-1

[Event "HCL-C4165"]
[Site "www.playchess.de"]
[Date "2006.02.19"]
[Round "20"]
[White "IRONMAIDEN"]
[Black "Skipper_Robert"]
[WhiteElo "1232"]
[BlackElo "987"]
[PlyCount "98"]
[Result "0-1"]

1.c4 Nf6 2.d4 e6 3.Nc3 d5 4.e3 Bb4 5.Bd2 Bxc3 
6.Bxc3 Ne4 7.Be2 Qg5 8.Bf3 Nxc3 9.bxc3 dxc4 
10.Qa4+ b5 11.Qa5 c6 12.a4 Ba6 13.axb5 Qxb5 
14.Qxb5 Bxb5 15.Ne2 Nd7 16.O-O O-O 17.h3 Rfb8 
18.e4 e5 19.d5 cxd5 20.exd5 Nf6 21.Rad1 e4 22.Bg4 
h5 23.Bf5 g6 24.Bxg6 fxg6 25.f3 exf3 26.Rxf3 Nxd5 
27.Rxd5 Bc6 28.Rc5 Bxf3 29.gxf3 Rbc8 30.Rxc8+ Rxc8 
31.Nd4 Rb8 32.Kf2 Rb2+ 33.Ke3 Rh2 34.Ke4 Rxh3 
35.Kd5 Rh2 36.f4 Rf2 37.Kxc4 Rxf4 38.Kd5 Rf1 39.c4 
h4 40.c5 h3 41.Ne2 h2 42.Ng3 Rg1 43.Kd6 Rxg3 44.c6 
Rd3+ 45.Kc7 h1Q 46.Kb7 Rc3 47.Kxa7 Qxc6 48.Kb8 
{gut so, dieses Mal hast Du bis zum Schluss 
durchgehalten und gewinnst verdient}  Rb3+ 49.Ka7 
Qb7+ {Ich kann es kaum glauben, war sicher viel 
Glück dabei!}  0-1

[Event "HCL-C4123"]
[Site "www.playchess.de"]
[Date "2006.02.19"]
[Round "8"]
[White "Littlearza"]
[Black "Skipper_Robert"]
[WhiteElo "1585"]
[BlackElo "968"]
[PlyCount "95"]
[Result "1-0"]

1.e4 e5 2.Bc4 Nf6 3.d3 d6 4.Bg5 {how are skipper, 
good luck}  Be7 5.Nc3 Bd7 6.Nf3 {To day is my 
lastr move, by}  a6 {se you tomorrow}  7.Nd5 h6 
8.Nxf6+ Bxf6 9.Bxf6 Qxf6 10.c3 Nc6 11.Qb3 Na5 
12.Qb4 b6 13.d4 Bc6 14.d5 Bd7 15.h3 O-O 16.Be2 Qd8 
17.c4 c5 18.Qc3 b5 19.b4 cxb4 20.Qxb4 Qc7 21.cxb5 
Rfb8 22.O-O axb5 23.Nd2 f5 24.Rac1 Qb6 25.exf5 
Bxf5 26.Nf3 Be4 27.Qxe4 Rbc8 28.Bd3 b4 29.Qh7+ Kf8 
30.Qh8+ Kf7 31.Rxc8 Rxc8 32.Qxc8 g6 33.Qe6+ Kf8 
34.Nxe5 Qc7 35.Nxg6+ Kg7 36.f4 Qc3 37.Qe7+ Kg8 
38.Qf8+ Kh7 39.Qh8+ Qxh8 40.Nxh8+ Kxh8 41.g4 Kg7 
42.g5 h5 43.f5 Nb7 44.f6+ Kf7 45.g6+ Kf8 46.f7 Nc5 
47.g7+ Kxg7 48.f8Q+ 1-0

[Event "HCL-B3606"]
[Site "www.playchess.de"]
[Date "2006.02.20"]
[Round "2"]
[White "mel"]
[Black "ppadala"]
[WhiteElo "1166"]
[BlackElo "1290"]
[PlyCount "91"]
[Result "1-0"]

1.d4 Nf6 2.Nc3 e6 3.Bg5 Be7 4.e4 O-O 5.Bxf6 Bxf6 
6.e5 Be7 7.Bd3 d6 8.Qh5 g6 9.Qh6 Re8 10.Nf3 Bf8 
11.Qh3 Nc6 12.O-O-O Bg7 13.Qg3 a6 14.h4 b5 15.exd6 
cxd6 16.Qf4 e5 17.dxe5 Nxe5 18.h5 Nxd3+ 19.Rxd3 
Bf5 20.Rdd1 Qc7 21.Rd2 Bxc3 22.Rhd1 Bxd2+ 23.Rxd2 
Rac8 24.hxg6 fxg6 25.b3 Bxc2 26.Kb2 Re4 27.Qf6 a5 
28.Qg5 Qg7+ 29.Ka3 b4+ 30.Ka4 Qd7+ 31.Qb5 Qxb5+ 
32.Kxb5 Rc5+ 33.Ka4 d5 34.Ng5 Rg4 35.Ne6 Rc6 
36.Nd4 Bxb3+ 37.axb3 Ra6 38.f3 Rg5 39.Re2 Ra8 
40.g4 Kf7 41.Ne6 Kf6 {one cannot play worse than 
me, damn !}  42.Nxg5 {well, you are one ,tought 
palyer.}  Kxg5 43.Re7 h5 44.Re5+ Kf4 45.Rxd5 hxg4 
46.fxg4 1-0

[Event "HCL-E1489"]
[Site "www.playchess.de"]
[Date "2006.02.20"]
[Round "17"]
[White "carlosmadeira"]
[Black "gambitplayer"]
[WhiteElo "1558"]
[BlackElo "1563"]
[PlyCount "101"]
[Result "1-0"]

1.d4 d5 2.e3 Nf6 3.c4 c6 4.Nc3 Bf5 5.Qb3 Qd7 
6.cxd5 cxd5 7.Nf3 e6 8.Bb5 Nc6 9.Ne5 Qc7 10.Bxc6+ 
bxc6 11.Qa4 Rc8 12.Bd2 Bd6 13.Rc1 Bxe5 14.dxe5 
Qxe5 15.Qxa7 O-O 16.f4 Qd6 17.Na4 Rca8 18.Qd4 Ne4 
19.Bb4 Qc7 20.Bxf8 Rxf8 21.O-O Ra8 22.a3 h6 23.Nc5 
Nxc5 24.Rxc5 Ra5 25.Rfc1 Rxc5 26.Qxc5 Qb7 27.b4 
Qa6 28.b5 cxb5 29.Qc8+ Qxc8 30.Rxc8+ Kh7 31.Rc7 
Kg6 32.Rb7 Bd3 33.g4 f5 34.gxf5+ exf5 35.Rb6+ Kh5 
36.Kg2 g5 37.Kg3 g4 38.Rd6 Bc4 39.Rc6 Bd3 40.Rc1 
Bc4 41.h3 gxh3 42.Kxh3 Kg6 43.Kh4 Kf6 44.Rc2 Ke6 
45.Kh5 Kd6 46.Kxh6 Kc5 47.Kg6 d4 48.exd4+ Kxd4 
49.Kg5 Bd3 {(offering draw)}  50.Rd2 Kc3 
51.Rxd3+ 1-0